|
|
|
|
| LEADER |
00751nam a2200217Ia 4500 |
| 008 |
240829s9999 xx 000 0 und d |
| 020 |
|
|
|a 970-24-0025-2
|
| 040 |
|
|
|a BIBLIOTECA-RUPAP 658.4038011 T931
|
| 041 |
|
|
|a spa
|
| 082 |
|
|
|a 658.4038011 T931
|
| 100 |
1 |
|
|a Turban, Efrain
|
| 245 |
1 |
0 |
|a Tecnología de información para administración
|
| 260 |
|
|
|a México
|b CECSA
|c 2001
|
| 300 |
|
|
|a 945 p. :il.
|
| 650 |
7 |
|
|a SISTEMAS DE INFORMACION - ADMINISTRACION
|
| 650 |
7 |
|
|b TECNOLOGIAS DE INFROMACION - ORGANIZACION
|
| 650 |
7 |
|
|c PLANEACION - TECNOLOGIA - SISTEMAS DE INFORMACION
|
| 650 |
7 |
|
|d REINGENIERIA - PROCESOS DE NEGOCIOS. I. McClean, Ephraim, coaut. II. Wetherbe, James, coaut. III. Tít.
|
| 942 |
|
|
|c BK
|2 ddc
|
| 991 |
|
|
|a TEXTO
|
| 999 |
|
|
|c 8822
|